US Thirteen Original Colonies - Statistics

General Stats
  • This quiz has been taken 18 times
  • The average score is 12 of 13
Answer Stats
States % Correct
Virginia
100%
Delaware
93%
Georgia
93%
Maryland
93%
New Hampshire
93%
New York
93%
North Carolina
93%
Rhode Island
93%
South Carolina
93%
Massachusetts
87%
New Jersey
87%
Connecticut
80%
Pennsylvania
80%
No matching quizzes found
Score Distribution
Percent of People with Each Score
Percentile by Number Answered
Your Score History
You have not taken this quiz